|
|
|
|
| LEADER |
00000nab a2200000 ar4500 |
| 001 |
vtls008423983 |
| 003 |
SK-MaSNL |
| 005 |
20260426071159.0 |
| 008 |
060113c2005 xo wr|p|||||||000 b|slo |
| 015 |
|
|
|a SNBRB2006/01
|2 snkbucl
|
| 040 |
|
|
|a SNKBUCL
|b slo
|c SNKBUCL
|e AACR2
|
| 041 |
0 |
|
|a slo
|
| 044 |
|
|
|a xo
|c SK
|
| 080 |
|
|
|a 336.748:336.744
|x (4:437.6)
|2 UDC-MRF-SK2
|
| 080 |
|
|
|a 336.744
|x (4)
|2 UDC-MRF-SK2
|
| 080 |
|
|
|a 338.23:336.74
|x (437.6)
|2 UDC-MRF-SK2
|
| 080 |
|
|
|a 339.738
|x (4:437.6)
|2 UDC-MRF-SK2
|
| 100 |
1 |
|
|a Bačišin, Vladimír,
|d 1963-
|4 aut
|9 52522
|
| 245 |
1 |
0 |
|a Slovenská koruna vstúpila do ERM II
|c Vladimír Bačišin
|
| 300 |
|
|
|b Obr.
|
| 610 |
|
7 |
|a Európska únia
|2 snkbucl
|9 29861
|
| 650 |
0 |
7 |
|a menová politika
|2 snkbucl
|9 2307
|
| 650 |
0 |
7 |
|a slovenská mena
|2 snkbucl
|9 770299
|
| 650 |
0 |
7 |
|a devízové kurzy
|2 snkbucl
|9 2129
|
| 650 |
0 |
7 |
|a ERM II (mechanizmus výmenných kurzov)
|2 snkbucl
|9 74565
|
| 650 |
0 |
7 |
|a menová konvergencia
|2 snkbucl
|9 834034
|
| 651 |
|
7 |
|a Slovensko
|2 snkbucl
|9 14231
|
| 773 |
0 |
|
|t Domino fórum
|g Roč. XIV, č. 48 (2005), s. 4
|x 1335-4426
|
| 852 |
|
|
|a SNK
|b KIS3GCP
|
| 958 |
|
|
|a SK
|
| 999 |
|
|
|c 2675868
|d 2677798
|